00748nam a22001577a 4500003000900000005001700009008004100026040001300067100002000080245003400100250001300134260004400147300002000191490002100211520035800232IT-RoPau20220918181218.0131112b xxu||||| |||| 00| 0 eng d cIT-RoPau aLamera, Stefano aIn preghiera con D. Alberione aXI° ed. aRomab"Istituto Gesù Sacerdote"c1982 a96 pp.c16,5 cm aEdizioni Paoline aIndice Presentazione Invocazioni A San Gabriele Arcangelo Offertori Paolini Per ogni giorno della settimana Per l'avvento del Regno di Dio Al Padre Celeste A Gesù Maestro Allo Spirito Santo A Maria SS.ma A San Paolo Apostolo A San Giuseppe Sacramento della riconciliazione La Santa Comunione Il Rosario Il Ritiro mensile Preghiera per la buona morte